[Event "DEN-ch Kort1 Gr-2"]
[Site "Svendborg"]
[Date "2022.04.09"]
[Round "1"]
[White "Larsen, Rune"]
[Black "Dreyer Stapput, Jakob"]
[Result "0-1"]
[WhiteElo "1200"]
[BlackElo "1597"]
[PlyCount "88"]
[EventDate "2022.04.09"]
[EventType "swiss"]
[EventRounds "5"]
[EventCountry "DEN"]
[SourceTitle "EXT 2024"]
[Source "ChessBase"]
[SourceDate "2023.10.10"]
[SourceVersion "1"]
[SourceVersionDate "2023.10.10"]
[SourceQuality "1"]

1. d4 d5 2. Bf4 Nf6 3. e3 e6 4. c3 Bd6 5. Bxd6 Qxd6 6. Nd2 0-0 7. f4 c5 8. Bd3 cxd4 9. cxd4 b6 10. Ngf3 Ba6 11. Bxa6 Nxa6 12. a3 Rfc8 13. 0-0 Rc7 14. Rc1 Rac8 15. Rxc7 Qxc7 16. Qb1 Qc2 17. Qxc2 Rxc2 18. b3 Nc7 19. h3 Nb5 20. a4 Nd6 21. Rd1 Nfe4 22. Kf1 Nf5 23. Ke2 Nfg3+ 24. Ke1 Rc3 25. Nxe4 Nxe4 26. Ke2 Rxb3 27. Rc1 Rc3 28. Kd1 f6 29. Rxc3 Nxc3+ 30. Kc2 Ne4 31. Nd2 Nxd2 32. Kxd2 Kf7 33. Kc3 Ke7 34. Kb4 a6 35. a5 b5 36. Kc5 Kd7 37. g3 h5 38. g4 g6 39. gxh5 gxh5 40. h4 Kc7 41. f5 Kd7 42. fxe6+ Kxe6 43. e4 dxe4 44. d5+ Kd7 0-1